000 01338nam a2200361Ia 4500
001 Z_6978
003 CHAP
005 20221114182050.0
008 220113s2017 xx 000 0 und d
010 _a170236
040 _cCHAP
090 _aTesis A58 2571
100 _aAntonio Contreras, Evelin
_9134608
245 _aGrasa abdominal y visceral en pollos de engorda suplementados con alicina /
_cEvelin Antonio Contreras y Caroll Paola Pérez Guzmán
260 _aMéxico :
_bEl autor,
_c2017
300 _a75 p
502 _aTesis (Ingeniero Agrónomo Especialista en Zootecnia) -- UACh, 2017 \ Dirección: Fernando González Cerón; asesoría: Arturo Pro Martínez y Artemio Jovanny Vargas Galicia
650 _aAlicina
_9146464
650 _aComportamiento productivo
_9143438
650 _aGrasa abdominal
_9145473
650 _aGrasa visceral
_9146465
650 _aPollo de engorda
_9143271
700 _a González Cerón, Fernando, director
_9146466
700 _a Pro Martínez, Arturo, asesor
_9144173
700 _a Vargas Galicia, Artemio Jovanny, asesor
_9145892
700 _aPérez Guzmán, Caroll Paola, coaut.
_9146467
856 4 2 _uhttp://10.13.5.2/tesis/sist114506.pdf
_yDescargar PDF
901 _aTESIS A58 2571
902 _aA
910 _a2017
942 _c2
_2ddc
942 _c2
_2ddc
999 _c170236
_d170236